00950nam a2200157 a 4500020002700000020003000027082001200057100002100069245002600090260004600116300001100162520051700173650001200690700002000702856007000722 a0199142696 (paperback) a9780199142699 (paperback) a500 BET1 aBethell, George.10aIntegrated science 2: a[S.l.] :bOxford University Press,c1991. a254 p. aPart of a series designed for KS4 of the National Curriculum for Science (Model A and B), the text may be used with GCSE integrated science courses. The series consists of students' and teachers' book for Parts 1 and 2. Containing many everyday applications of scientific principles, this GCSE textbook provides balanced views of such important issues as personal health, environmental pollution and nuclear power. It also contains appropriate experimental work and worked examples, accompanied by illustrations. ascience1 aCoppock, David.40uhttp://www.amazon.com/exec/obidos/ASIN/0199142696/chopaconline-20